History Quiz

Random History or Clickable Quiz
Score 0/20 Timer 03:00
0 Plays Today
% Correct
Barack Obama
90.4%
George Washington
87.8%
Herbert Hoover
87.8%
John F. Kennedy
87.3%
Franklin D. Roosevelt
87.3%
Richard Nixon
87.2%
Theodore Roosevelt
87.1%
George W. Bush
83.3%
Bill Clinton
83%
George H. W. Bush
81.6%
% Correct
Ronald Reagan
80.2%
Donald Trump
79.9%
Abraham Lincoln
75.4%
Harry S. Truman
74.3%
Thomas Jefferson
71.7%
Andrew Jackson
70.9%
Woodrow Wilson
63%
James Polk
52.4%
John Adams
51.2%
William McKinley
48.4%

You're not logged in!

Compare scores with friends on all Sporcle quizzes.
OR
Log In

Sporcle TV

Today on Sporcle TV


Watch our educational content, quiz creation guides, and fun videos on Sporcle TV.

Show Comments

Extras

Top Quizzes Today


Score Distribution

Paid Content

Your Account Isn't Verified!

In order to create a playlist on Sporcle, you need to verify the email address you used during registration. Go to your Sporcle Settings to finish the process.

Report this User

Report this user for behavior that violates our Community Guidelines.

Details: